[Event "Bad Woerishofen open"]
[Site "?"]
[Date "2004.03.22"]
[Round "5"]
[White "Kveinys, Aloyzas"]
[Black "Teske, Henrik"]
[Result "1-0"]
[WhiteElo "2511"]
[BlackElo "2526"]
[PlyCount "145"]

1. e4 c5 2. Nf3 Nc6 3. Bb5 g6 4. Bxc6 dxc6 5. d3 Bg7 6. h3 Nf6 7. Nc3 Nd7 8.
Be3 e5 9. Qd2 h6 10. Nh2 Qe7 11. O-O Nf8 12. f4 exf4 13. Rxf4 Ne6 14. Rf2 Nd4
15. Raf1 Be6 16. Ng4 O-O-O 17. Nxh6 Rdf8 18. Nd1 b6 19. c3 Nb5 20. Nf5 gxf5 21.
exf5 Bxa2 22. f6 Bxf6 23. Rxf6 Be6 24. Bg5 Qd7 25. Nf2 Kb7 26. Re1 Nc7 27. c4
Ne8 28. Rf3 Nd6 29. Qf4 Nf5 30. Bf6 Rhg8 31. Kh2 Rg6 32. Ne4 a5 33. g4 Nd4 34.
Bxd4 cxd4 35. Nf6 Qc7 36. Re5 Bxc4 37. dxc4 Rxf6 38. Qxf6 Re8 39. Rff5 d3 40.
Kg2 Rxe5 41. Rxe5 d2 42. Re7 d1=Q 43. Rxc7+ Kxc7 44. Qxf7+ Kd6 45. Qf6+ Kd7 46.
Qf5+ Kd6 47. Qf2 b5 48. Qf4+ Kd7 49. Qf5+ Kd8 50. cxb5 Qe2+ 51. Qf2 Qxb5 52.
Qf8+ Kc7 53. Qf4+ Kd8 54. Qd2+ Ke7 55. h4 Qc4 56. Kf3 Qf1+ 57. Qf2 Qh1+ 58. Kf4
Qd5 59. Qe2+ Kf7 60. g5 c5 61. Qh5+ Ke7 62. Qh7+ Kd6 63. Qg6+ Kc7 64. Qg7+ Kb6
65. Qf6+ Kb5 66. g6 a4 67. g7 a3 68. bxa3 Ka4 69. Kg4 c4 70. h5 Qg8 71. Qf8
Qe6+ 72. Kg5 c3 73. Qb4# 1-0

[Event "Bad Woerishofen open"]
[Site "?"]
[Date "2004.03.22"]
[Round "5"]
[White "Gutman, Lev"]
[Black "Dittmar, Peter"]
[Result "1-0"]
[WhiteElo "2497"]
[BlackElo "2369"]
[PlyCount "113"]

1. Nf3 d5 2. g3 c6 3. c3 Bg4 4. Qb3 Qb6 5. Ne5 Bh5 6. d3 e6 7. Be3 Qc7 8. g4
Bg6 9. Bf4 Qb6 10. Nd2 f6 11. Nxg6 hxg6 12. e4 g5 13. Be3 Qxb3 14. axb3 Bd6 15.
b4 Nd7 16. Nb3 Ne7 17. d4 Rxh2 18. Rxh2 Bxh2 19. b5 Bc7 20. c4 dxe4 21. bxc6
bxc6 22. Nd2 a5 23. Nxe4 Rb8 24. O-O-O Ng6 25. Kc2 Nf4 26. Nc3 Nb6 27. b3 Nc8
28. Ne4 Ne7 29. Nc5 Kf7 30. Na6 Rc8 31. Nxc7 Rxc7 32. Ra1 Neg6 33. Rxa5 e5 34.
b4 exd4 35. Bxd4 Ne6 36. Bc3 Ngf4 37. Ra6 Ke7 38. Ra1 Rb7 39. Re1 Kf7 40. Rd1
Ke7 41. b5 c5 42. Bd3 Nxd3 43. Rxd3 Rd7 44. Re3 Ra7 45. Re1 Ra8 46. Rd1 Nf4 47.
Kb3 Ne6 48. Rd5 Rd8 49. b6 Rxd5 50. cxd5 Nd8 51. Kc4 Kd6 52. f3 Nb7 53. Be1 Kd7
54. Bg3 Kc8 55. Kb5 Kd7 56. Bh2 Kc8 57. Bg1 1-0

[Event "Bad Woerishofen open"]
[Site "Bad Woerishofen"]
[Date "2004.03.22"]
[Round "5"]
[White "Seel, Christian"]
[Black "Levin, Felix"]
[Result "1/2-1/2"]
[WhiteElo "2380"]
[BlackElo "2486"]
[PlyCount "41"]
[EventDate "2004.03.19"]

1. Nf3 Nf6 2. c4 e6 3. g3 d5 4. d4 dxc4 5. Bg2 a6 6. O-O Nc6 7. e3 Bd7 8. Nc3
Bd6 9. Qe2 b5 10. e4 Be7 11. d5 Nb4 12. Ne5 exd5 13. a3 Nd3 14. Nxd3 cxd3 15.
Qxd3 dxe4 16. Nxe4 Rb8 17. Nxf6+ Bxf6 18. Rd1 Rb6 19. Bf4 g5 20. Bh3 O-O 21.
Qe2 1/2-1/2

[Event "Bad Woerishofen open"]
[Site "Bad Woerishofen"]
[Date "2004.03.22"]
[Round "5"]
[White "Sawchenko, Sergeij"]
[Black "Donchenko, Anatoli"]
[Result "1/2-1/2"]
[WhiteElo "2543"]
[BlackElo "2409"]
[PlyCount "60"]
[EventDate "2004.03.19"]

1. d4 d5 2. c4 e6 3. Nc3 Nf6 4. cxd5 exd5 5. Bg5 Be7 6. e3 Nbd7 7. Bd3 Nf8 8.
Nf3 Ne6 9. Bh4 g6 10. O-O O-O 11. b4 c6 12. Rb1 a6 13. a4 a5 14. bxa5 Rxa5 15.
Qb3 c5 16. Bxf6 Bxf6 17. Nxd5 cxd4 18. Nxf6+ Qxf6 19. Nxd4 Nxd4 20. exd4 Qxd4
21. Bb5 Be6 22. Qg3 Rc8 23. Rbd1 Qc5 24. Rfe1 Raa8 25. Qf3 Rc7 26. h3 Rac8 27.
Qf6 Qe7 28. Qd4 Qc5 29. Qf6 Qe7 30. Qd4 Qc5 1/2-1/2

[Event "Bad Woerishofen open"]
[Site "Bad Woerishofen"]
[Date "2004.03.22"]
[Round "5"]
[White "Kummerow, Heiko"]
[Black "Galdunts, Sergei"]
[Result "0-1"]
[WhiteElo "2271"]
[BlackElo "2506"]
[PlyCount "54"]
[EventDate "2004.03.19"]

1. e4 e5 2. Nf3 Nc6 3. Nc3 Nf6 4. d4 exd4 5. Nd5 Nb4 6. Nxf6+ Qxf6 7. Bc4 Bc5
8. O-O d6 9. c3 Nc6 10. cxd4 Nxd4 11. Nxd4 Bxd4 12. Be3 Bb6 13. Qb3 O-O 14.
Rac1 Bd7 15. Rc3 Rae8 16. Bxb6 axb6 17. Bb5 c6 18. Bd3 b5 19. a4 Be6 20. Qb4
Ra8 21. Qxd6 Rfd8 22. Qg3 Rxa4 23. e5 Qf4 24. Qxf4 Rxf4 25. Ra1 g6 26. Rca3 Kg7
27. f3 b4 0-1

[Event "Bad Woerishofen open"]
[Site "Bad Woerishofen"]
[Date "2004.03.22"]
[Round "5"]
[White "Einwiller, Bernd"]
[Black "Wohl, Aleksandar"]
[Result "0-1"]
[WhiteElo "2209"]
[BlackElo "2389"]
[PlyCount "100"]
[EventDate "2004.03.19"]

1. d4 g6 2. Nf3 Bg7 3. c3 b6 4. e4 Bb7 5. Bd3 d6 6. Bg5 Nd7 7. O-O h6 8. Bh4 c5
9. Re1 Qc7 10. a4 a6 11. Qe2 e5 12. dxe5 dxe5 13. c4 Ngf6 14. Nc3 O-O 15. Nd5
Qd6 16. Nd2 Rfe8 17. f3 Nh5 18. Bf2 Nf4 19. Qe3 h5 20. Bf1 Bh6 21. Qc3 Ne6 22.
Be3 Bxe3+ 23. Qxe3 Nd4 24. Bd3 Kg7 25. Rf1 Bxd5 26. exd5 f5 27. Qg5 Nf6 28.
Rfe1 Re7 29. Re3 Rae8 30. Rae1 b5 31. axb5 axb5 32. b3 b4 33. h3 Nh7 34. Qh4
Qf6 35. Qxf6+ Nxf6 36. Ra1 e4 37. d6 Rd7 38. fxe4 fxe4 39. Nxe4 Nxe4 40. Rxe4
Rxe4 41. Bxe4 Rxd6 42. Bd5 Nxb3 43. Ra7+ Kf6 44. Kf2 Nd4 45. Ke3 Nf5+ 46. Ke4
Rb6 47. Rf7+ Kg5 48. Ke5 b3 49. Rb7 Rxb7 50. Bxb7 Ng3 0-1

[Event "Bad Woerishofen open"]
[Site "Bad Woerishofen"]
[Date "2004.03.22"]
[Round "5"]
[White "Piankow, Evgenij"]
[Black "Tscharotschkin, Michael"]
[Result "1-0"]
[WhiteElo "2339"]
[BlackElo "2220"]
[PlyCount "61"]
[EventDate "2004.03.19"]

1. d4 d5 2. Bg5 f6 3. Bf4 Nc6 4. Nf3 Bg4 5. Nbd2 Nxd4 6. Nxd4 e5 7. h3 Bh5 8.
c4 exd4 9. Qb3 g5 10. Bh2 dxc4 11. Qxc4 c5 12. e4 dxe3 13. fxe3 Be7 14. Be2
Bxe2 15. Qxe2 Nh6 16. O-O O-O 17. Nc4 Qd5 18. Rad1 Qe6 19. Nd6 b6 20. Nb5 Rac8
21. Nc7 Qe4 22. Nd5 Rfe8 23. Nc3 Qe6 24. e4 Kg7 25. Qa6 Qc6 26. Nd5 Nf7 27.
Qxa7 Ra8 28. Nxe7 Rxe7 29. Qxe7 Re8 30. Rd6 Rxe7 31. Rxc6 1-0

[Event "Bad Woerishofen open"]
[Site "Bad Woerishofen"]
[Date "2004.03.22"]
[Round "5"]
[White "Hoennekes, Klaus"]
[Black "Sailer, Wolfgang"]
[Result "0-1"]
[WhiteElo "2078"]
[BlackElo "2191"]
[PlyCount "108"]
[EventDate "2004.03.19"]

1. e4 d5 2. exd5 Qxd5 3. Nc3 Qa5 4. d4 c6 5. Nf3 Nf6 6. Bd2 Bf5 7. Bc4 e6 8.
O-O Nbd7 9. Nd5 Qd8 10. Ne3 Bg6 11. Bb3 Be7 12. c4 O-O 13. Bc3 Ne4 14. Rc1 Bf6
15. c5 e5 16. Ng4 Nxc3 17. Nxf6+ Qxf6 18. bxc3 Rad8 19. Re1 Bh5 20. Re3 Nxc5
21. Rxe5 Bxf3 22. gxf3 Nd3 23. Qxd3 Qxe5 24. Qxh7+ Kxh7 25. dxe5 Kg6 26. Bc2+
Kg5 27. Kg2 Rh8 28. Kg3 Rh4 29. Re1 Rdh8 30. Re3 Rh3+ 31. Kg2 Rxh2+ 32. Kf1 Rd8
33. Ke2 Rh4 34. Bb3 Rd7 35. e6 fxe6 36. Re5+ Kf6 37. Rxe6+ Kf5 38. Re8 Rh6 39.
Ke3 g5 40. Bc2+ Kf6 41. Be4 Rh1 42. f4 Re1+ 43. Kf3 Rd3+ 44. Kg2 gxf4 45. Rf8+
Ke7 46. Rxf4 Rxc3 47. Bg6 Kd6 48. Ra4 a6 49. f3 Ree3 50. Bh5 Ra3 51. Rd4+ Ke5
52. Rd2 c5 53. Kf2 b5 54. Kg3 Rad3 0-1

[Event "Bad Woerishofen open"]
[Site "Bad Woerishofen"]
[Date "2004.03.22"]
[Round "5"]
[White "Pirrot, Dieter"]
[Black "Kreiling, Carsten"]
[Result "1-0"]
[WhiteElo "2406"]
[BlackElo "2217"]
[PlyCount "51"]
[EventDate "2004.03.19"]

1. e4 c5 2. c3 d5 3. exd5 Qxd5 4. d4 e6 5. Nf3 cxd4 6. cxd4 Nf6 7. Nc3 Qd6 8.
Bd3 Be7 9. O-O O-O 10. a3 Nc6 11. Be3 b6 12. Qe2 Bb7 13. Rad1 Rfe8 14. Bg5 Nd5
15. Rfe1 Bxg5 16. Nxg5 h6 17. Qh5 hxg5 18. Nxd5 Qxd5 19. Bh7+ Kf8 20. Be4 Qc4
21. d5 Ne5 22. Qh8+ Ke7 23. Qxg7 Rg8 24. Qxe5 Rab8 25. dxe6 Bxe4 26. Rd7+ 1-0

[Event "Bad Woerishofen open"]
[Site "Bad Woerishofen"]
[Date "2004.03.22"]
[Round "5"]
[White "Goris, Ton"]
[Black "Graf, Christian"]
[Result "1/2-1/2"]
[WhiteElo "2099"]
[BlackElo "2227"]
[PlyCount "84"]
[EventDate "2004.03.19"]

1. e4 c6 2. d4 d5 3. e5 Bf5 4. Nc3 Qb6 5. Bd3 Bxd3 6. Qxd3 e6 7. Nf3 Qa6 8.
Qxa6 Nxa6 9. Be3 h5 10. O-O-O Nh6 11. h3 Nf5 12. g4 Nxe3 13. fxe3 Be7 14. g5 g6
15. h4 O-O 16. a3 Nc7 17. Ne2 Ne8 18. Ng3 Ng7 19. Nd2 c5 20. c3 cxd4 21. cxd4
Rac8+ 22. Kb1 Rc6 23. Rc1 Rfc8 24. Rxc6 Rxc6 25. Rc1 Rxc1+ 26. Kxc1 Bd8 27. Kc2
Kf8 28. Nb3 Bb6 29. Kd3 Ke7 30. e4 dxe4+ 31. Kxe4 Kd7 32. Nd2 Bc7 33. Nb3 Bb6
34. Nd2 Ba5 35. b4 Bd8 36. Nc4 Be7 37. d5 exd5+ 38. Kxd5 Ne6 39. Ne2 Nc7+ 40.
Ke4 Ne6 41. Kd5 Nc7+ 42. Ke4 Ne6 1/2-1/2

[Event "Bad Woerishofen open"]
[Site "Bad Woerishofen"]
[Date "2004.03.22"]
[Round "5"]
[White "Heika, Martin"]
[Black "Holl, Andreas"]
[Result "1-0"]
[WhiteElo "2342"]
[BlackElo "2182"]
[PlyCount "85"]
[EventDate "2004.03.19"]

1. e4 c5 2. Nf3 Nc6 3. d4 cxd4 4. Nxd4 Nf6 5. Nc3 e5 6. Ndb5 d6 7. Nd5 Nxd5 8.
exd5 Ne7 9. c3 Ng6 10. Qa4 Bd7 11. Qc4 Bxb5 12. Qxb5+ Qd7 13. Qb4 a6 14. Be3
Be7 15. Bd3 f5 16. f3 O-O 17. O-O-O e4 18. fxe4 f4 19. Bd4 Bf6 20. Kb1 b5 21.
Rhf1 Qe7 22. Bc2 Be5 23. Rd2 Rfb8 24. Bxe5 Nxe5 25. Qd4 g5 26. Bd1 Rc8 27. g3
Rf8 28. Rdf2 fxg3 29. hxg3 Rxf2 30. Rxf2 Rf8 31. Be2 Nd7 32. Rxf8+ Qxf8 33. a3
Ne5 34. Ka2 g4 35. Qa7 Qh6 36. Qxa6 Qe3 37. Bxb5 Qxg3 38. Qxd6 Qf4 39. Qe6+ Kg7
40. Qe7+ Nf7 41. Be8 g3 42. Bxf7 Qxf7 43. Qe5+ 1-0

[Event "Bad Woerishofen open"]
[Site "Bad Woerishofen"]
[Date "2004.03.22"]
[Round "5"]
[White "Ginsburg, Gennadij"]
[Black "Trabert, Bettina"]
[Result "1-0"]
[WhiteElo "2486"]
[BlackElo "2247"]
[PlyCount "97"]
[EventDate "2004.03.19"]

1. e4 e5 2. Nf3 Nc6 3. Nc3 Nf6 4. Bb5 Bb4 5. O-O O-O 6. d3 d6 7. Bg5 Bxc3 8.
bxc3 h6 9. Bh4 Bd7 10. Rb1 a6 11. Ba4 Rb8 12. d4 Nxd4 13. Nxd4 Bxa4 14. Nf5 Kh7
15. f4 Rg8 16. fxe5 g5 17. exf6 gxh4 18. Ne7 Rg5 19. Rf4 h3 20. g3 Qd7 21. Qd2
Qe6 22. Rbf1 Qe5 23. Rf5 Qxe4 24. Rxg5 hxg5 25. Re1 Qxc2 26. Qxc2+ Bxc2 27. g4
b5 28. Re3 Kh8 29. Rxh3+ Bh7 30. Rh5 b4 31. cxb4 Rxb4 32. Rxg5 Rf4 33. Nd5 Rc4
34. Rg7 Bg6 35. h3 c6 36. Ne7 Rc3 37. Nxg6+ fxg6 38. Rxg6 Rf3 39. Kg2 Rf4 40.
Kg3 Rf1 41. g5 c5 42. Rg7 c4 43. Rc7 d5 44. Kg4 Kg8 45. Kh5 Kf8 46. Kg6 Ke8 47.
Kg7 Rf5 48. g6 Kd8 49. Rc5 1-0

[Event "Bad Woerishofen open"]
[Site "Bad Woerishofen"]
[Date "2004.03.22"]
[Round "5"]
[White "Korchnoi, Viktor"]
[Black "Schneider, Bernd"]
[Result "1-0"]
[WhiteElo "2569"]
[BlackElo "2260"]
[PlyCount "125"]
[EventDate "2004.03.19"]

1. Nf3 c5 2. c4 Nc6 3. d4 cxd4 4. Nxd4 g6 5. g3 Bg7 6. Nc2 h5 7. Bg2 h4 8. Qd2
d6 9. Nc3 Nh6 10. b3 Nf5 11. Bb2 h3 12. Be4 Bh6 13. Qd1 O-O 14. Nd5 Bd7 15. O-O
e5 16. Ba3 Re8 17. e3 Bf8 18. Qf3 Kg7 19. Rad1 Nh6 20. Qe2 f5 21. Bh1 Ng4 22.
Nc3 e4 23. Bxd6 Nge5 24. Bxf8+ Rxf8 25. Nd4 Qg5 26. Qb2 Rae8 27. Nd5 Bc8 28. f4
exf3 29. Nxf3 Qh6 30. Nxe5 Nxe5 31. e4 Kh7 32. Qd4 Ng4 33. Rde1 fxe4 34. Bxe4
Rxf1+ 35. Rxf1 Qg7 36. Qxg7+ Kxg7 37. Bf3 Ne5 38. Be2 Nc6 39. Kf2 Nd4 40. Bd1
Bd7 41. Re1 Rf8+ 42. Ke3 Nc6 43. Nf4 g5 44. Nd3 b6 45. Bf3 Rf6 46. Be4 Rd6 47.
Nf2 Ne5 48. Re2 Rf6 49. Rd2 Rf8 50. Rd5 Kf6 51. Kd4 Nc6+ 52. Kc3 Ne5 53. Nd3
Nxd3 54. Rxd3 Ke5 55. Rf3 Rd8 56. Bd5 Kd6 57. Rf6+ Ke7 58. Rf7+ Kd6 59. Kd4 Re8
60. b4 Kc7 61. c5 Kc8 62. c6 Be6 63. Rxa7 1-0

[Event "Bad Woerishofen open"]
[Site "Bad Woerishofen"]
[Date "2004.03.23"]
[Round "6"]
[White "Teske, Hendrik"]
[Black "Piankov, Evgenij"]
[Result "1-0"]
[WhiteElo "2526"]
[BlackElo "2339"]
[PlyCount "69"]
[EventDate "2004.03.19"]

1. c4 c6 2. Nf3 d5 3. d4 e6 4. Nc3 f5 5. Bf4 Nf6 6. e3 Be7 7. Bd3 O-O 8. Qc2
Ne4 9. g4 Bd6 10. Bxd6 Nxd6 11. c5 Ne4 12. O-O-O b6 13. gxf5 exf5 14. cxb6 axb6
15. Ne5 Qh4 16. f4 Nxc3 17. bxc3 Qh3 18. Qf2 Ba6 19. Bb1 Ra7 20. Rhg1 Qh6 21.
Rg5 Nd7 22. Rxf5 Nf6 23. Rg1 Ne4 24. Bxe4 dxe4 25. Rxf8+ Kxf8 26. Qb2 Qh3 27.
Qf2 Bc8 28. Kb1 Qe6 29. Qb2 c5 30. Rd1 g6 31. c4 cxd4 32. Rxd4 Re7 33. Qb4 Ke8
34. h4 Qh3 35. Qd6 1-0

[Event "Bad Woerishofen open"]
[Site "Bad Woerishofen"]
[Date "2004.03.23"]
[Round "6"]
[White "Wohl, Aleksander"]
[Black "Keller, Manfred"]
[Result "1-0"]
[WhiteElo "2398"]
[BlackElo "2239"]
[PlyCount "107"]
[EventDate "2004.03.19"]

1. Nf3 Nf6 2. c4 g6 3. Nc3 d5 4. cxd5 Nxd5 5. Qa4+ Bd7 6. Qb3 Nb6 7. d4 Bg7 8.
e4 O-O 9. Be3 Bg4 10. Rd1 e6 11. Be2 Nc6 12. d5 exd5 13. exd5 Ne5 14. Nxe5 Bxe2
15. Kxe2 Bxe5 16. h4 Re8 17. Kf1 Qf6 18. Rh3 Rad8 19. Bg5 Qf5 20. Bxd8 Rxd8 21.
Rf3 Qd7 22. a4 Bxc3 23. bxc3 Qxa4 24. Qxa4 Nxa4 25. Ra1 Nc5 26. c4 a6 27. Ra5
b6 28. Rxc5 bxc5 29. Ra3 Ra8 30. Ra5 Ra7 31. Ke2 Kf8 32. Kd3 Ke7 33. Rxc5 a5
34. Kc3 a4 35. Kb2 a3+ 36. Ka2 Kd7 37. Rc6 h5 38. f3 Ra8 39. g3 Re8 40. Rf6 Ke7
41. Ra6 Kd7 42. Rxa3 Re2+ 43. Kb3 Rg2 44. c5 Rxg3 45. Kc4 g5 46. Ra7 Kd8 47.
Kb5 gxh4 48. Kc6 Rxf3 49. Ra8+ Ke7 50. Kxc7 Rc3 51. d6+ Ke6 52. c6 h3 53. Ra2
Kd5 54. Rd2+ 1-0

[Event "Bad Woerishofen open"]
[Site "Bad Woerishofen"]
[Date "2004.03.23"]
[Round "6"]
[White "Krivoshey, Sergei"]
[Black "Kummerow, Heiko "]
[Result "1-0"]
[WhiteElo "2501"]
[BlackElo "2271"]
[PlyCount "81"]
[EventDate "2004.03.19"]

1. d4 f5 2. g3 Nf6 3. Bg2 g6 4. Nf3 Bg7 5. O-O O-O 6. c4 d6 7. Nc3 Qe8 8. d5 a5
9. Ne1 Na6 10. Nd3 h6 11. Bd2 g5 12. Rc1 Bd7 13. b3 Qg6 14. a3 Ne4 15. Be1 c5
16. Na4 Nb8 17. f3 Nf6 18. Bc3 Ra6 19. Nf2 b5 20. cxb5 Bxb5 21. Nb2 Bd7 22. a4
e5 23. e4 g4 24. exf5 Bxf5 25. fxg4 Nxg4 26. Nxg4 Bxg4 27. Rxf8+ Bxf8 28. Bf3
h5 29. Nc4 Bh6 30. Bxg4 hxg4 31. Bd2 Bxd2 32. Qxd2 Nd7 33. Rf1 Ra8 34. Nxa5 Re8
35. Nc4 e4 36. Qf4 e3 37. Nxe3 Ne5 38. Qf5 Qg7 39. Kg2 Nf3 40. Nxg4 Re2+ 41.
Kxf3 1-0

[Event "Bad Woerishofen open"]
[Site "Bad Woerishofen"]
[Date "2004.03.23"]
[Round "6"]
[White "Kunin, Vitaly"]
[Black "Korchnoi, Viktor"]
[Result "1-0"]
[WhiteElo "2569"]
[BlackElo "2425"]
[PlyCount "69"]
[EventDate "2004.03.19"]

1. d4 Nf6 2. Nf3 e6 3. c4 Bb4+ 4. Nbd2 d5 5. e3 O-O 6. Bd3 c5 7. dxc5 Bxc5 8.
O-O Nc6 9. a3 a5 10. b3 b6 11. Bb2 Ba6 12. Qe2 Bb7 13. Rfd1 Qe7 14. Ng5 d4 15.
b4 axb4 16. axb4 Bxb4 17. exd4 Rxa1 18. Bxa1 Na5 19. Rb1 Bxd2 20. Qxd2 h6 21.
Nh3 Rc8 22. c5 Ra8 23. Bc3 Ne4 24. Qc2 Nxc3 25. Qxc3 bxc5 26. dxc5 Qc7 27. Rc1
Rd8 28. f3 Bd5 29. Nf2 Nb3 30. Rc2 Rc8 31. Ba6 Ra8 32. Bf1 Ra1 33. Nd3 Qb7 34.
Rb2 Qb5 35. Kf2 {ZUe} 1-0

[Event "Bad Woerishofen open"]
[Site "Bad Woerishofen"]
[Date "2004.03.23"]
[Round "6"]
[White "van Hoolandt, Patrick"]
[Black "Pirrot, Dieter"]
[Result "0-1"]
[WhiteElo "2262"]
[BlackElo "2406"]
[PlyCount "62"]
[EventDate "2004.03.19"]

1. c4 g6 2. Nc3 Bg7 3. g3 e5 4. Bg2 d6 5. e3 f5 6. Nge2 Nf6 7. Rb1 O-O 8. O-O
c6 9. d4 g5 10. dxe5 dxe5 11. f4 gxf4 12. gxf4 Qc7 13. Kh1 Be6 14. fxe5 Qxe5
15. e4 fxe4 16. Bf4 Qh5 17. Qb3 b5 18. Ng3 Qh4 19. Qc2 Nbd7 20. Bd6 Ng4 21. h3
Rxf1+ 22. Nxf1 Nf2+ 23. Kh2 Bxh3 24. Bg3 Ng4+ 25. Kh1 Qh5 26. Qxe4 Nge5 27.
cxb5 Nc5 28. Qh4 Bxg2+ 29. Kxg2 Qf3+ 30. Kg1 Ng4 31. Qh1 Bd4+ 0-1

[Event "Bad Woerishofen open"]
[Site "Bad Woerishofen"]
[Date "2004.03.23"]
[Round "6"]
[White "Schippan, Bernhard"]
[Black "Savchenko, Stanislav"]
[Result "0-1"]
[WhiteElo "2265"]
[BlackElo "2543"]
[PlyCount "89"]
[EventDate "2004.03.19"]

1. e4 c5 2. Nf3 d6 3. d4 cxd4 4. Qxd4 a6 5. c4 Nc6 6. Qd2 g6 7. Nc3 Bh6 8. Qc2
Bg7 9. Be2 Bg4 10. Be3 Rc8 11. Nd5 Bxf3 12. Bxf3 Nd4 13. Bxd4 Bxd4 14. Rd1 Bg7
15. Qa4+ Kf8 16. O-O Nf6 17. Nxf6 Bxf6 18. Qb4 Qc7 19. b3 Kg7 20. Bg4 Rcd8 21.
Rd3 h5 22. Be2 Qc6 23. Bf3 Be5 24. h4 b5 25. cxb5 Qxb5 26. Qxb5 axb5 27. a4 Ra8
28. axb5 Rhb8 29. Rd5 e6 30. Rd3 Rxb5 31. g3 Ra2 32. Rfd1 Rb2 33. Bg2 R5xb3 34.
Rxb3 Rxb3 35. Rd2 Rb4 36. Kf1 Bd4 37. Ke2 Bc5 38. Rc2 Kf6 39. Rd2 Rb1 40. Bf3
Bb4 41. Rc2 Re1+ 42. Kd3 Bc5 43. Bg2 Ke7 44. Rb2 Rg1 45. Bh3 0-1

[Event "Bad Woerishofen open"]
[Site "Bad Woerishofen"]
[Date "2004.03.23"]
[Round "6"]
[White "Kengis, Edvins"]
[Black "Seel, Christian"]
[Result "1/2-1/2"]
[WhiteElo "2572"]
[BlackElo "2380"]
[PlyCount "53"]
[EventDate "2004.03.19"]

1. Nf3 Nf6 2. g3 g6 3. Bg2 Bg7 4. c4 d5 5. cxd5 Nxd5 6. d4 Nb6 7. Nc3 Nc6 8. e3
O-O 9. O-O Re8 10. d5 Na5 11. Nd4 Bd7 12. Nb3 Nxb3 13. Qxb3 e6 14. e4 exd5 15.
exd5 a5 16. Be3 a4 17. Qb4 a3 18. b3 Nc8 19. Qxb7 Nd6 20. Qb4 Rb8 21. Qc5 Nb7
22. Qc4 Nd6 23. Qd3 Nb5 24. Na4 Nd6 25. Nc3 Nb5 26. Na4 Nd6 27. Nc3 1/2-1/2

[Event "Bad Woerishofen open"]
[Site "Bad Woerishofen"]
[Date "2004.03.23"]
[Round "6"]
[White "Trabert, Bettina"]
[Black "Hermann, Manfred"]
[Result "1/2-1/2"]
[WhiteElo "2247"]
[BlackElo "2318"]
[PlyCount "45"]
[EventDate "2004.03.19"]

1. e4 e5 2. Nf3 Nc6 3. d4 exd4 4. Nxd4 Bb4+ 5. c3 Bc5 6. Be3 Bb6 7. Qg4 Qf6 8.
Qg3 Qg6 9. Nd2 Nge7 10. Bc4 d6 11. Qxg6 fxg6 12. Nc2 Ne5 13. Bxb6 axb6 14. Bb5+
Bd7 15. Bxd7+ Kxd7 16. Ke2 g5 17. Ne3 Rhf8 18. f3 N7g6 19. g3 Rf7 20. Rhf1 b5
21. a3 Re8 22. a4 bxa4 23. Rxa4 1/2-1/2

[Event "Bad Woerishofen open"]
[Site "Bad Woerishofen"]
[Date "2004.03.23"]
[Round "6"]
[White "Levin, Felix"]
[Black "Pitl, Gregory"]
[Result "1-0"]
[WhiteElo "2486"]
[BlackElo "2261"]
[PlyCount "107"]
[EventDate "2004.03.19"]

1. d4 d5 2. c4 Nc6 3. cxd5 Qxd5 4. e3 e5 5. Nc3 Bb4 6. a3 Bxc3+ 7. bxc3 Nf6 8.
c4 Qd6 9. d5 Ne7 10. a4 c5 11. Ne2 O-O 12. Nc3 a6 13. e4 Nd7 14. Bd3 f5 15.
exf5 Nf6 16. Qc2 Bd7 17. O-O b6 18. Rb1 Kh8 19. f3 Qc7 20. Bg5 Nc8 21. g4 Nd6
22. Bh4 b5 23. Rfe1 b4 24. Nd1 Rae8 25. Bg3 Nf7 26. Nb2 Qb6 27. Kg2 h5 28. h3
Qd6 29. Bf1 Ng5 30. Qe2 hxg4 31. hxg4 Nxd5 32. cxd5 Qxd5 33. Qe3 Bc6 34. Be2 e4
35. f4 Nf7 36. Red1 Qa2 37. Rh1+ Kg8 38. Bc4 Qa3 39. Bb3 Bd5 40. Nd1 c4 41. Qc5
Ba8 42. Qxc4 e3+ 43. Kh2 Bxh1 44. Kxh1 e2 45. g5 Kh8 46. Be1 exd1=Q 47. Rxd1
Qb2 48. Qd3 Qe2 49. Qh3+ Nh6 50. gxh6 Qe4+ 51. Kg1 g5 52. Bc3+ Kh7 53. fxg5
Qxf5 54. Rd7+ 1-0

[Event "Bad Woerishofen open"]
[Site "Bad Woerishofen"]
[Date "2004.03.23"]
[Round "6"]
[White "Donchenko, Anatoli"]
[Black "Palo, Davor"]
[Result "1/2-1/2"]
[WhiteElo "2409"]
[BlackElo "2505"]
[PlyCount "48"]
[EventDate "2004.03.19"]

1. d4 Nf6 2. c4 e6 3. Nf3 b6 4. g3 Ba6 5. b3 b5 6. cxb5 Bxb5 7. Bg5 Bb4+ 8.
Nbd2 Bc6 9. Be3 Nd5 10. Bg2 Nxe3 11. fxe3 O-O 12. O-O a5 13. a3 Bxd2 14. Qxd2
Be4 15. Ne5 Bxg2 16. Kxg2 Qc8 17. Qc2 Qb7+ 18. Kg1 d6 19. Nf3 Nd7 20. Ng5 g6
21. Rab1 c5 22. Qe4 Qxe4 23. Nxe4 cxd4 24. exd4 d5 1/2-1/2

[Event "Bad Woerishofen open"]
[Site "Bad Woerishofen"]
[Date "2004.03.23"]
[Round "6"]
[White "Skembris, Spyridon"]
[Black "Peschlow, Patrick"]
[Result "1/2-1/2"]
[WhiteElo "2442"]
[BlackElo "2231"]
[PlyCount "62"]
[EventDate "2004.03.19"]

1. d4 Nf6 2. Bg5 Ne4 3. Bf4 c5 4. f3 Qa5+ 5. c3 Nf6 6. Nd2 cxd4 7. Nb3 Qb6 8.
Qxd4 Nc6 9. Qxb6 axb6 10. e4 e5 11. Bg5 Be7 12. Bc4 d5 13. exd5 Nxd5 14. Bxe7
Ne3 15. Bg5 Nxc4 16. Bc1 Be6 17. Ne2 O-O 18. Kf2 Ra6 19. f4 f6 20. Re1 Rfa8 21.
Nd2 Nxd2 22. Bxd2 Rxa2 23. Rxa2 Rxa2 24. Bc1 Bb3 25. Kg3 Kf7 26. h3 exf4+ 27.
Nxf4 Ne5 28. h4 Ra1 29. Bd2 Rxe1 30. Bxe1 Nc4 31. Bf2 Nxb2 1/2-1/2

[Event "Bad Woerishofen open"]
[Site "?"]
[Date "2004.03.24"]
[Round "6"]
[White "Woerl, Richard"]
[Black "Bischoff, Dieter"]
[Result "1/2-1/2"]
[WhiteElo "2085"]
[BlackElo "2182"]
[PlyCount "60"]

1. e4 c5 2. c3 Nf6 3. e5 Nd5 4. Bc4 Nb6 5. Bb3 Nc6 6. d4 cxd4 7. cxd4 d5 8. Nc3
Bf5 9. a3 e6 10. Nf3 Be7 11. O-O O-O 12. Bc2 Bxc2 13. Qxc2 Rc8 14. Qd3 a6 15.
b3 Na5 16. Nd2 Rc7 17. Bb2 Nc6 18. Rac1 Qd7 19. Rc2 Rfc8 20. Rfc1 Bg5 21. Ne2
Na5 22. f4 Rxc2 23. Rxc2 Rxc2 24. Qxc2 Be7 25. Nc1 Qc6 26. Qxc6 Nxc6 27. Nd3
Nd7 28. Kf2 h5 29. g3 g6 30. h3 Bd8 1/2-1/2

[Event "Bad Woerishofen open"]
[Site "?"]
[Date "2004.03.24"]
[Round "6"]
[White "Galdunts, Sergey"]
[Black "Eingorn, Viacheslav"]
[Result "1/2-1/2"]
[WhiteElo "2506"]
[BlackElo "2600"]
[PlyCount "24"]

1. e4 e6 2. d4 d5 3. e5 c5 4. c3 Qb6 5. Nf3 Bd7 6. a3 a5 7. b3 Ne7 8. dxc5 Qxc5
9. Bd3 Ng6 10. O-O Qc7 11. Re1 Nc6 12. Qe2 Be7 1/2-1/2

[Event "Bad Woerishofen open"]
[Site "?"]
[Date "2004.03.24"]
[Round "6"]
[White "Gutman, Lev"]
[Black "Ruck, Robert"]
[Result "0-1"]
[WhiteElo "2497"]
[BlackElo "2556"]
[PlyCount "124"]

1. Nf3 c5 2. g3 g6 3. Bg2 Bg7 4. d4 cxd4 5. Nxd4 Nc6 6. c3 Nf6 7. O-O O-O 8.
Qa4 Qb6 9. Rd1 d5 10. Qb3 Nxd4 11. cxd4 Qxb3 12. axb3 Bd7 13. Nc3 Bc6 14. Bf4
Rfd8 15. Bc7 Rdc8 16. Be5 e6 17. b4 a6 18. f3 Nd7 19. Bxg7 Kxg7 20. e4 Nb6 21.
Bf1 Rc7 22. Ra5 Rd8 23. Kf2 dxe4 24. fxe4 Rcd7 25. Ke3 f5 26. e5 g5 27. b5 axb5
28. Bxb5 Nd5+ 29. Ke2 Nb4 30. Bc4 Rxd4 31. Rxd4 Rxd4 32. Bxe6 f4 33. gxf4 gxf4
34. Bg4 Rd3 35. e6 Re3+ 36. Kd2 Rd3+ 37. Ke2 f3+ 38. Kf2 Rd2+ 39. Ke3 Rxb2 40.
e7 Nc2+ 41. Kf2 Nd4+ 42. Ke3 Nc2+ 43. Kf2 Na3+ 44. Kg3 f2 45. Bh3 Nc4 46. Rg5+
Kf7 47. Rf5+ Kxe7 48. Rxf2 Rb3 49. Rc2 Na3 50. Re2+ Kf8 51. Re3 Nc2 52. Be6 Ra3
53. Rd3 Be4 54. Rd7 Rxc3+ 55. Kf4 Bg6 56. h4 Rc5 57. Rxb7 Rh5 58. Kg3 Nd4 59.
Bg4 Nf5+ 60. Kf4 Rxh4 61. Kg5 Rh2 62. Rb1 Ng7 0-1

[Event "Bad Woerishofen open"]
[Site "?"]
[Date "2004.03.24"]
[Round "6"]
[White "Senff, Martin"]
[Black "Poulsen, Martin"]
[Result "1/2-1/2"]
[WhiteElo "2443"]
[BlackElo "2274"]
[PlyCount "49"]

1. e4 e5 2. Nf3 d6 3. Bc4 Nc6 4. c3 Na5 5. Be2 Nf6 6. d4 Nc6 7. O-O Be7 8. dxe5
Nxe4 9. exd6 Nxd6 10. Bf4 O-O 11. Bd3 Bg4 12. Nbd2 Bf5 13. Nb3 Bxd3 14. Qxd3 b6
15. Qd5 Qd7 16. Nbd4 Nxd4 17. Nxd4 Rfe8 18. Rfd1 Bf8 19. h3 Qe7 20. a4 Qe4 21.
Qxe4 Rxe4 22. Bg3 a6 23. Kf1 f6 24. Nc6 Nf5 25. Bh2 1/2-1/2